000 00282nam a22001097a 4500
008 170112b xxu||||| |||| 00| 0 eng d
020 _a9780323069120
041 _aeng
080 _29TH
_a618.2
245 _aNURSING CARE OF INFANTS AND CHILDREN
_cHOCKENBERRY & WILSON
942 _2udc
_cBK
999 _c2785
_d2785